[Event "1st Binhai Cup 2018"]
[Site "Tianjin CHN"]
[Date "2018.12.25"]
[Round "1.23"]
[White "Mi, Tenglong"]
[Black "Wang, Shixu B"]
[Result "0-1"]
[WhiteElo "1717"]
[BlackElo "2342"]
[WhiteFideId "8623627"]
[BlackFideId "8610665"]
[EventDate "2018.12.25"]

1. e4 c6 2. d4 d5 3. e5 c5 4. dxc5 e6 5. Bd3 Nd7 6. Be3 Nxc5 7. Nf3 Nxd3+ 8.
Qxd3 Ne7 9. Bc5 b6 10. Bd6 Ng6 11. Bxf8 Nxf8 12. Na3 Nd7 13. c4 Ba6 14. Qd4 Rc8
15. Rc1 O-O 16. O-O Qc7 17. Rfd1 Rfd8 18. b3 b5 19. c5 b4 20. Qxb4 Be2 21. Re1
Bxf3 22. Nb5 Qb7 23. gxf3 a6 24. c6 Rxc6 25. Qe7 Rf8 26. Nd4 Rc7 27. Qd6 Rfc8
28. Rxc7 Qxc7 29. Qxa6 Qc3 30. Re3 Qa1+ 31. Kg2 Rc1 32. Ne2 Rh1 33. Qc8+ Nf8 34.
Qc2 h5 35. Rc3 Qf1+ 36. Kg3 Ng6 37. Rc8+ Kh7 38. Qd3 Rg1+ 0-1

[Event "1st Binhai Cup 2018"]
[Site "Tianjin CHN"]
[Date "2018.12.25"]
[Round "1.24"]
[White "Huang, Renjie"]
[Black "Wu, David Tai-Wei"]
[Result "1-0"]
[WhiteElo "2328"]
[BlackElo "1630"]
[WhiteFideId "8610134"]
[BlackFideId "16301765"]
[EventDate "2018.12.25"]

1. e4 e5 2. Nf3 Nc6 3. Bc4 Bc5 4. c3 Nf6 5. d3 d6 6. Nbd2 O-O 7. O-O a6 8. a4
Ba7 9. h3 h6 10. Re1 Ne7 11. d4 Ng6 12. Ba2 Re8 13. Qb3 Qe7 14. Nf1 Rb8 15. Ng3
Be6 16. Qc2 Bxa2 17. Rxa2 Qe6 18. Ra1 exd4 19. cxd4 c6 20. Be3 Qd7 21. Rad1 Qc7
22. b4 Rbc8 23. Bc1 a5 24. bxa5 Qxa5 25. Nf5 Rcd8 26. Bb2 d5 27. e5 Ne4 28. Nd2
Nxd2 29. Rxd2 Qc7 30. Rde2 Re6 31. Nd6 Rd7 32. Qf5 Nf8 33. Qd3 Bb8 34. f4 Rdxd6
35. exd6 Qxd6 36. Bc1 Rxe2 37. Rxe2 Qf6 38. Re8 Bxf4 39. Bxf4 Qxf4 40. Qe3 Qxe3+
41. Rxe3 Ne6 42. Rb3 Nd8 43. a5 Kf8 44. Rxb7 1-0

[Event "1st Binhai Cup 2018"]
[Site "Tianjin CHN"]
[Date "2018.12.25"]
[Round "1.25"]
[White "Sun, Jihan"]
[Black "Zhao, Chenxi"]
[Result "0-1"]
[WhiteElo "1518"]
[BlackElo "2328"]
[WhiteFideId "8618992"]
[BlackFideId "8611513"]
[EventDate "2018.12.25"]

1. e4 c5 2. Nf3 e6 3. d4 cxd4 4. Nxd4 a6 5. Nc3 Qc7 6. g3 Nf6 7. Bg2 Be7 8. O-O
O-O 9. h3 d6 10. Be3 Nbd7 11. Kh2 Ne5 12. f4 Nc4 13. Bc1 Na5 14. Nde2 Rb8 15. a4
Rd8 16. b3 b6 17. Bb2 Bb7 18. g4 d5 19. e5 Ne4 20. Rc1 Rbc8 21. Qe1 Bb4 22. Bxe4
dxe4 23. Qg3 Rd2 24. Rf2 Bc5 25. Rff1 Bd4 26. Kh1 e3+ 27. Kg1 Bxc3 28. Nxc3 Qc6 0-1

[Event "1st Binhai Cup 2018"]
[Site "Tianjin CHN"]
[Date "2018.12.25"]
[Round "1.26"]
[White "Zuo, Yifan"]
[Black "Wang, Puxuan"]
[Result "1-0"]
[WhiteTitle "CM"]
[WhiteElo "2300"]
[BlackElo "1270"]
[WhiteFideId "8614610"]
[BlackFideId "8625050"]
[EventDate "2018.12.25"]

1. d4 d5 2. Nf3 Nf6 3. c4 e6 4. g3 Bd6 5. Bg2 c6 6. Nbd2 Nbd7 7. O-O O-O 8. Qc2
e5 9. cxd5 Nxd5 10. Nc4 Qf6 11. Ng5 g6 12. Ne4 Qe6 13. Nexd6 b5 14. Nxe5 Qxd6
15. Qxc6 Qxc6 16. Nxc6 N7b6 17. e4 Nc7 18. d5 Bb7 19. Na5 Ba6 20. Bf4 Rac8 21.
Nc6 Kg7 22. Nxa7 Nc4 23. Nxc8 Rxc8 24. b3 Nb6 25. Bh3 f5 26. exf5 gxf5 27. Bxf5
Rf8 28. Bxc7 Nxd5 29. Be5+ Kh6 30. Rfd1 Rxf5 31. Rxd5 Kh5 32. h3 Rg5 33. f4 1-0

[Event "1st Binhai Cup 2018"]
[Site "Tianjin CHN"]
[Date "2018.12.26"]
[Round "2.1"]
[White "Sethuraman, S.P."]
[Black "Zhu, Jiner"]
[Result "1-0"]
[WhiteTitle "GM"]
[BlackTitle "WIM"]
[WhiteElo "2664"]
[BlackElo "2409"]
[WhiteFideId "5021596"]
[BlackFideId "8608059"]
[EventDate "2018.12.25"]

1. e4 e5 2. Nf3 Nc6 3. Bb5 g6 4. c3 a6 5. Ba4 d6 6. d4 Bd7 7. Bg5 f6 8. Be3 Nh6
9. O-O Bg7 10. Re1 Qe7 11. h3 O-O 12. Nbd2 Kh8 13. Nf1 Rad8 14. Bc2 Nf7 15. Ng3
Rfe8 16. d5 Nb8 17. b4 Bh6 18. Qd2 Qf8 19. c4 a5 20. a3 Na6 21. Rab1 Ra8 22. Bd3
Bxe3 23. Qxe3 axb4 24. axb4 c5 25. dxc6 bxc6 26. b5 Nc5 27. Bf1 Reb8 28. Rb4 Rb6
29. Reb1 Rab8 30. Qa3 Nd8 31. Ne1 Nde6 32. Nc2 Qd8 33. Qf3 Kg7 34. Qd1 Qc7 35.
h4 Ra8 36. h5 Ra4 37. R4b2 Nf4 38. Ne3 Ra3 39. Rd2 cxb5 40. cxb5 Be6 41. Rc1 Qb8
42. Bc4 Ra7 43. Bxe6 Ncxe6 44. Nc4 Rxb5 45. Nxd6 Rc5 46. Rb1 Qf8 47. Qg4 Kh8 48.
Rbd1 Rca5 49. Kh2 Ra1 50. Rxa1 Rxa1 51. Ne2 Ra7 52. Nxf4 Nxf4 53. Nb5 Re7 54.
Rc2 Nxh5 55. Nd6 Ng7 56. Rc8 Ne8 57. Rd8 f5 58. exf5 e4 59. Qh4 Kg7 60. Nxe8+
Rxe8 61. Rd7+ 1-0

[Event "1st Binhai Cup 2018"]
[Site "Tianjin CHN"]
[Date "2018.12.26"]
[Round "2.2"]
[White "Li, Yankai"]
[Black "Lu, Shanglei"]
[Result "0-1"]
[BlackTitle "GM"]
[WhiteElo "2427"]
[BlackElo "2636"]
[WhiteFideId "8609357"]
[BlackFideId "8603332"]
[EventDate "2018.12.25"]

1. e4 c5 2. Nf3 Nc6 3. Bb5 g6 4. Bxc6 bxc6 5. O-O Bg7 6. Re1 Rb8 7. c3 Nf6 8. d4
cxd4 9. cxd4 O-O 10. Nc3 d6 11. h3 Nd7 12. Re2 c5 13. Be3 Bb7 14. dxc5 Nxc5 15.
Bd4 Ba6 16. Rc2 Bh6 17. Bxc5 dxc5 18. Ne5 Qc7 19. Ng4 Bg7 20. Nd5 Qd8 21. Rd2 h5
22. Nge3 e6 23. Nb4 Qb6 24. Nxa6 Qxa6 25. Rb1 Qxa2 26. b4 Qa3 27. Rd3 Qa6 28.
bxc5 Rxb1 29. Qxb1 Qc6 30. Qc2 Rc8 31. Ra3 Rc7 32. h4 Bd4 33. g3 Qxc5 34. Qxc5
Bxc5 35. Ra4 Rb7 36. Ra5 Rb1+ 37. Kg2 Bb6 38. Ra4 Rb2 39. Kf1 Kg7 40. Ra3 Kf6
41. e5+ Ke7 42. f3 Rb4 43. Ke2 a5 44. Nc2 Rb2 45. Kd3 Kd7 46. Ra4 Rb5 47. Ke4
Bf2 48. g4 hxg4 49. fxg4 Bxh4 50. Ra3 Bd8 51. Rd3+ Ke7 52. Nd4 Rb4 53. Kf3 Rc4
54. Nb5 Rc5 55. Nd6 Bc7 56. Ke4 Bxd6 57. Rxd6 Rxe5+ 58. Kd4 0-1

[Event "1st Binhai Cup 2018"]
[Site "Tianjin CHN"]
[Date "2018.12.26"]
[Round "2.3"]
[White "Popov, Mikhail"]
[Black "Idani, Pouya"]
[Result "0-1"]
[WhiteTitle "FM"]
[BlackTitle "GM"]
[WhiteElo "2388"]
[BlackElo "2611"]
[WhiteFideId "4146182"]
[BlackFideId "12510130"]
[EventDate "2018.12.25"]

1. e4 c5 2. Nf3 d6 3. d4 cxd4 4. Nxd4 Nf6 5. Nc3 Nc6 6. Bg5 e6 7. Qd2 a6 8.
O-O-O Bd7 9. f4 Be7 10. Nf3 b5 11. e5 b4 12. exf6 bxc3 13. Qxc3 gxf6 14. Bh4 Rg8
15. h3 d5 16. Kb1 Rb8 17. Nd4 Nxd4 18. Rxd4 Qb6 19. g4 h5 20. f5 hxg4 21. hxg4
e5 22. Rxd5 Bc6 23. Bg2 Bxd5 24. Bxd5 Kf8 25. Bb3 Qb4 26. Qe3 Rh8 27. Qg1 Qe4
28. Rh2 a5 29. Bg5 Kg7 30. Bc1 Rxh2 31. Qxh2 Rh8 32. Qd2 a4 33. Bd5 Qxg4 34. Qe3
Qxf5 35. Qa7 e4 36. Qg1+ Kf8 37. Bc4 Bc5 38. Qe1 Rh2 39. Qa5 Rh1 40. Qd8+ Kg7
41. Qc7 Qh5 42. Qg3+ Qg5 0-1

[Event "1st Binhai Cup 2018"]
[Site "Tianjin CHN"]
[Date "2018.12.26"]
[Round "2.4"]
[White "Zhao, Jun"]
[Black "Zhao, Yuanhe"]
[Result "1-0"]
[WhiteTitle "GM"]
[WhiteElo "2607"]
[BlackElo "2388"]
[WhiteFideId "8602522"]
[BlackFideId "8609497"]
[EventDate "2018.12.25"]

1. e4 e5 2. Nc3 Nf6 3. g3 d5 4. exd5 Nxd5 5. Bg2 Nxc3 6. bxc3 Bd6 7. Nf3 O-O 8.
O-O c6 9. Re1 Re8 10. d3 Nd7 11. Nd2 Nf6 12. Nc4 Bc7 13. Rb1 Rb8 14. Bg5 h6 15.
Be3 Nd5 16. Bd2 Bf5 17. Qc1 a5 18. a4 Qd7 19. Qa3 Bh3 20. Bh1 b6 21. Qb3 Rbd8
22. Bc1 Kh8 23. Ne3 Be6 24. c4 Nxe3 25. Rxe3 Rb8 26. Qa3 Bd6 27. Qa1 f6 28. Ba3
Rec8 29. Bxd6 Qxd6 30. Ree1 Bf7 31. Be4 Qc5 32. Rb3 Rc7 33. Reb1 Ra7 34. R1b2
Ra6 35. Qd1 Be6 36. Qh5 Qd6 37. Qg6 Bg8 38. g4 Qc5 39. Rb1 Ra7 40. Kf1 Rd7 41.
Ke2 Rd6 42. Qf5 b5 43. axb5 a4 44. Rb4 a3 45. bxc6 Rxb4 46. Rxb4 Qxb4 47. c7 Qb6
48. c8=Q Rd8 49. c5 Rxc8 50. Qxc8 Qe6 51. Qa8 a2 52. h3 h5 53. c4 hxg4 54. Bd5
a1=Q 55. Qxa1 Qc8 56. Qa8 Qxa8 57. Bxa8 gxh3 58. Kf3 Bh7 59. c6 Bf5 60. c7 Bc8
61. c5 f5 1-0

[Event "1st Binhai Cup 2018"]
[Site "Tianjin CHN"]
[Date "2018.12.26"]
[Round "2.5"]
[White "Wang, Shixu B"]
[Black "Chigaev, Maksim"]
[Result "1/2-1/2"]
[BlackTitle "GM"]
[WhiteElo "2342"]
[BlackElo "2606"]
[WhiteFideId "8610665"]
[BlackFideId "4108116"]
[EventDate "2018.12.25"]

1. d4 Nf6 2. c4 g6 3. Nf3 Bg7 4. g3 O-O 5. Bg2 d6 6. O-O Nc6 7. Nc3 a6 8. Bf4
Rb8 9. Rc1 h6 10. d5 e5 11. dxc6 exf4 12. cxb7 Rxb7 13. b3 fxg3 14. hxg3 Ng4 15.
c5 Rb8 16. cxd6 cxd6 17. Nd5 Bb7 18. Qd2 h5 19. Rc2 Re8 20. Rd1 Bxd5 21. Qxd5
Qb6 22. e3 Rxe3 23. Qxd6 Ree8 24. Qxb6 Rxb6 25. Rd7 Rf6 26. Rdc7 Bf8 27. Rc8
Rxc8 28. Rxc8 Kg7 29. Rc2 Bb4 30. Ng5 Kh6 31. Ne4 Re6 32. Nc5 Rd6 33. Bf3 Ne5
34. Bb7 a5 35. Re2 Ng4 36. Na4 f5 37. Kg2 Rd4 38. Nb6 f4 39. Nc4 fxg3 40. fxg3
a4 41. Re4 axb3 42. Rxd4 bxa2 43. Rd1 Bc3 44. Bf3 Nf6 45. Ne3 a1=Q 46. Rxa1 Bxa1
47. Nd5 Nd7 48. Be2 Be5 49. Kh3 Kg5 50. Bd3 Nf8 51. Bc2 Bd6 52. Nc3 Be7 53. Nd5
Bd8 54. Nf4 Bc7 55. Nd5 Be5 56. Ne7 Bd6 1/2-1/2

[Event "1st Binhai Cup 2018"]
[Site "Tianjin CHN"]
[Date "2018.12.26"]
[Round "2.6"]
[White "Tabatabaei, M.amin"]
[Black "Padmini, Rout"]
[Result "1-0"]
[WhiteTitle "GM"]
[BlackTitle "IM"]
[WhiteElo "2587"]
[BlackElo "2345"]
[WhiteFideId "12521213"]
[BlackFideId "5029295"]
[EventDate "2018.12.25"]

1. d4 Nf6 2. Nf3 e6 3. c4 d5 4. Nc3 c5 5. cxd5 Nxd5 6. e4 Nxc3 7. bxc3 cxd4 8.
cxd4 Bb4+ 9. Bd2 Bxd2+ 10. Qxd2 O-O 11. Bc4 Nd7 12. O-O b6 13. Rfe1 Bb7 14. Rad1
Rc8 15. Bb3 h6 16. h3 Re8 17. Re3 Qc7 18. d5 exd5 19. exd5 Qd6 20. Nd4 Nc5 21.
Nf5 Qf6 22. Bc2 Rcd8 23. Rde1 Kf8 24. d6 Rxe3 25. Qxe3 Ne6 26. Qa3 Qg5 27. Ne3
Nd4 28. Bd1 Nb5 29. Qa4 Nxd6 30. Qxa7 Qc5 31. Qa4 Qc3 32. Rf1 Qc5 33. Bb3 Re8
34. Qf4 Re4 35. Qg3 g6 36. Ng4 Kg7 37. Rd1 Nf5 38. Qb8 Re7 39. Rd8 Bc8 40. Rxc8 1-0

[Event "1st Binhai Cup 2018"]
[Site "Tianjin CHN"]
[Date "2018.12.26"]
[Round "2.7"]
[White "Fier, Alexandr"]
[Black "Huang, Renjie"]
[Result "1/2-1/2"]
[WhiteTitle "GM"]
[WhiteElo "2558"]
[BlackElo "2328"]
[WhiteFideId "2107139"]
[BlackFideId "8610134"]
[EventDate "2018.12.25"]

1. e4 c5 2. Nf3 d6 3. d4 cxd4 4. Nxd4 Nf6 5. Nc3 g6 6. Be3 Bg7 7. f3 O-O 8. Qd2
Nc6 9. O-O-O d5 10. Qe1 e5 11. Nxc6 bxc6 12. exd5 cxd5 13. Bg5 Be6 14. Bc4 Qc7
15. Bxf6 dxc4 16. Bxg7 Kxg7 17. h4 Rab8 18. h5 Qb6 19. Na4 Qb5 20. Qe3 Kf6 21.
f4 Qxa4 22. Qxe5+ Ke7 23. hxg6 hxg6 24. f5 Qb5 25. Qd4 gxf5 26. Rh6 Qb6 27.
Rxe6+ fxe6 28. Qh4+ Rf6 29. Qh7+ Rf7 30. Qh4+ Rf6 1/2-1/2

[Event "1st Binhai Cup 2018"]
[Site "Tianjin CHN"]
[Date "2018.12.26"]
[Round "2.8"]
[White "Zhao, Chenxi"]
[Black "Sivuk, Vitaly"]
[Result "1-0"]
[BlackTitle "GM"]
[WhiteElo "2328"]
[BlackElo "2542"]
[WhiteFideId "8611513"]
[BlackFideId "14116502"]
[EventDate "2018.12.25"]

1. e4 g6 2. g3 d5 3. exd5 Qxd5 4. Qf3 Qe6+ 5. Ne2 Bd7 6. Qb3 Qxb3 7. axb3 Bc6 8.
Rg1 e5 9. Na3 Na6 10. d4 Bg7 11. Be3 Nb4 12. dxe5 Bxe5 13. O-O-O Ne7 14. Bh3 Bf3
15. Rge1 O-O 16. Bc5 Bd6 17. Rxd6 Na2+ 18. Kb1 cxd6 19. Bxd6 Rfe8 20. Nd4 Nc6
21. Rxe8+ Rxe8 22. Nxc6 Bxc6 23. Kxa2 Re1 24. Nc4 Re2 25. Bc5 Rxc2 26. Bxa7 Rc1
27. Bg4 Re1 28. Nd2 Rh1 29. h4 f5 30. Bf3 Bxf3 31. Nxf3 f4 32. Bb8 fxg3 33. fxg3
Rf1 34. Nd4 Kf7 35. Bf4 Rd1 36. Nf3 Kf6 37. Ng5 Rd7 38. Ne4+ Kf5 39. Nc5 Rf7 40.
b4 b5 41. Kb3 Kg4 42. Ne4 Rf5 43. Kc3 h5 44. Bd6 Kf3 45. Kd4 Kg2 46. Bf4 Kh3 47.
Nd6 Rxf4+ 48. gxf4 Kxh4 49. Nxb5 Kg3 50. Ke3 h4 51. Nd4 h3 52. Nf3 1-0

[Event "1st Binhai Cup 2018"]
[Site "Tianjin CHN"]
[Date "2018.12.26"]
[Round "2.9"]
[White "Zeng, Chongsheng"]
[Black "Zuo, Yifan"]
[Result "1-0"]
[WhiteTitle "GM"]
[BlackTitle "CM"]
[WhiteElo "2535"]
[BlackElo "2300"]
[WhiteFideId "8603847"]
[BlackFideId "8614610"]
[EventDate "2018.12.25"]

1. e4 c5 2. Nf3 Nc6 3. d4 cxd4 4. Nxd4 g6 5. Nc3 Bg7 6. Be3 Nf6 7. Bc4 O-O 8.
Bb3 Re8 9. h4 h5 10. f3 Qc7 11. Qd2 Qg3+ 12. Kf1 Qe5 13. Ndb5 Qb8 14. Nd5 Nxd5
15. exd5 b6 16. dxc6 dxc6 17. Bf4 e5 18. Bxf7+ Kxf7 19. Nd6+ Kg8 20. Nxe8 Ba6+
21. Kf2 Qxe8 22. Bg5 Qf7 23. Rhe1 Re8 24. Rad1 Bc4 25. Qd7 Bd5 26. Qxf7+ Kxf7
27. a4 a6 28. b3 b5 29. c4 bxc4 30. bxc4 Be6 31. Rd6 Rc8 32. Rb1 Rc7 33. Bd8 Rd7
34. Rxd7+ Bxd7 35. Rb7 Ke6 36. Ke3 Bf8 37. Ke4 Bc5 38. Bg5 Kd6 39. Rxd7+ Kxd7
40. Kxe5 Bf2 41. g4 a5 42. Kf6 hxg4 43. fxg4 1-0

[Event "1st Binhai Cup 2018"]
[Site "Tianjin CHN"]
[Date "2018.12.26"]
[Round "2.10"]
[White "Xiao, Yiyi"]
[Black "Xu, Yinglun"]
[Result "1/2-1/2"]
[WhiteTitle "WFM"]
[BlackTitle "GM"]
[WhiteElo "2295"]
[BlackElo "2531"]
[WhiteFideId "8606161"]
[BlackFideId "8604940"]
[EventDate "2018.12.25"]

1. d4 d5 2. c4 e6 3. Nf3 Nf6 4. Nc3 Be7 5. Bf4 c6 6. e3 Nh5 7. Be5 Nd7 8. Bd3
Nxe5 9. Nxe5 Nf6 10. Qf3 O-O 11. O-O dxc4 12. Bxc4 Qc7 13. Ne4 Nd5 14. Rac1 Bd7
15. Ng3 Bd6 16. Nxd7 Qxd7 17. e4 Bxg3 18. Qxg3 Ne7 19. Rfd1 Rfd8 20. Bb3 Qd6 21.
Qg4 Qb4 22. Qg5 Rd7 23. Rc4 Qb6 24. Rc3 h6 25. Qe3 Rad8 26. Rcd3 a5 27. h4 Qb5
28. a4 Qb4 29. h5 b5 30. Qd2 Qxd2 31. R1xd2 bxa4 32. Bxa4 Rd6 33. Bc2 Rb8 34.
Ra3 Rb5 35. b4 Rxb4 36. Rxa5 f6 37. Ra7 Kf8 38. Ra4 Rxa4 39. Bxa4 Rd8 40. Bb3 e5
41. d5 cxd5 42. exd5 Nf5 43. Ra2 Ke7 44. Ra7+ Rd7 45. Ra6 Nd6 46. Ba4 Rb7 47.
Bc6 Rb1+ 48. Kh2 f5 49. Ra7+ Kf6 50. Rd7 Nf7 51. f3 Rd1 52. Kg3 Rd2 53. Ra7 Nd6
54. Ra6 f4+ 55. Kh3 e4 56. fxe4 Nxe4 57. Be8+ Ke5 58. Re6+ Kxd5 59. Rg6 Ke5 60.
Bc6 Ng5+ 61. Kg4 Rd3 62. Bb7 Rd7 63. Rb6 Rd4 64. Rb5+ Ke6 65. Rb6+ Kf7 66. Kf5
Kf8 67. Bf3 Nxf3 68. gxf3 Rd5+ 69. Ke6 1/2-1/2

[Event "1st Binhai Cup 2018"]
[Site "Tianjin CHN"]
[Date "2018.12.26"]
[Round "2.11"]
[White "Liu, Yan"]
[Black "Peng, Hongchi"]
[Result "1-0"]
[WhiteTitle "GM"]
[WhiteElo "2495"]
[BlackElo "2273"]
[WhiteFideId "8608962"]
[BlackFideId "8609047"]
[EventDate "2018.12.25"]

1. Nf3 Nf6 2. c4 g6 3. g3 Bg7 4. Bg2 O-O 5. O-O d6 6. d4 Nbd7 7. Qc2 e5 8. Rd1
exd4 9. Nxd4 Re8 10. Nc3 Nc5 11. e4 a5 12. h3 Qe7 13. Bg5 c6 14. Rd2 h6 15. Bf4
Nfd7 16. Rad1 Ne5 17. b3 g5 18. Be3 g4 19. hxg4 Nxg4 20. Bf4 Be5 21. Re2 Qf6 22.
Qd2 Qg6 23. Ree1 Bd7 24. f3 Nf6 25. Nde2 Kg7 26. Kf2 Rad8 27. Rh1 h5 28. Be3 Kg8
29. Nf4 Qg7 30. Nce2 Bg4 31. Bxc5 Nxe4+ 32. fxe4 Bxe2 33. Qxe2 dxc5 34. Qxh5
Bd4+ 35. Kf3 Re5 36. Qh6 Rde8 37. Qxg7+ Kxg7 38. Rh4 Kf6 39. Bh3 a4 40. Bf5 axb3
41. axb3 Ra8 42. Rh6+ Ke7 43. Nd3 Rxf5+ 44. exf5 Bc3 1-0

[Event "1st Binhai Cup 2018"]
[Site "Tianjin CHN"]
[Date "2018.12.26"]
[Round "2.12"]
[White "Chu, Ruotong"]
[Black "Dai, Changren"]
[Result "0-1"]
[WhiteTitle "WIM"]
[BlackTitle "IM"]
[WhiteElo "2261"]
[BlackElo "2464"]
[WhiteFideId "8605653"]
[BlackFideId "8608156"]
[EventDate "2018.12.25"]

1. d4 d5 2. c4 e6 3. Nf3 Nf6 4. g3 Bb4+ 5. Bd2 Be7 6. Bg2 Nbd7 7. Qb3 Nb6 8. c5
Nc4 9. Bf4 Nh5 10. Bc1 b6 11. Qc2 bxc5 12. b3 Nd6 13. dxc5 Ne4 14. Ne5 Bb7 15.
Nd3 Bf6 16. Bb2 Bxb2 17. Qxb2 d4 18. Qc2 Bd5 19. Nb4 f5 20. Qd3 a5 21. Nxd5 Qxd5
22. Nd2 Nhf6 23. Qc4 Rd8 24. Qb5+ Kf7 25. Nxe4 fxe4 26. Qxa5 d3 27. O-O-O Ra8
28. Qd2 Qxc5+ 29. Kb1 Rhb8 30. exd3 Nd5 31. Rc1 Qd4 32. Rhf1 Rxb3+ 33. axb3 Ra1+
34. Kc2 Ra2+ 35. Kd1 Rxd2+ 36. Kxd2 Qxd3+ 37. Ke1 Nc3 38. Rxc3 Qxc3+ 39. Ke2
Qd3+ 40. Ke1 Kf6 41. b4 Ke5 42. f4+ Kd4 0-1

[Event "1st Binhai Cup 2018"]
[Site "Tianjin CHN"]
[Date "2018.12.26"]
[Round "2.13"]
[White "Peng, Xiongjian"]
[Black "Maisuradze, Nino"]
[Result "1/2-1/2"]
[BlackTitle "WGM"]
[WhiteElo "2438"]
[BlackElo "2248"]
[WhiteFideId "8610550"]
[BlackFideId "13601717"]
[EventDate "2018.12.25"]

1. e4 c5 2. Nc3 Nc6 3. Nf3 e5 4. Bc4 d6 5. d3 Be7 6. a3 Be6 7. Nd5 h6 8. b4 Nf6
9. Nxf6+ Bxf6 10. Bxe6 fxe6 11. bxc5 Qa5+ 12. Nd2 Qxc5 13. Nb3 Qb6 14. Qh5+ Ke7
15. O-O Qd8 16. a4 Rc8 17. c4 g5 18. Ba3 Rc7 19. Rfb1 Kf8 20. Nc1 Kg7 21. Ne2
Rd7 22. Rb5 Qe8 23. Qxe8 Rxe8 24. Rab1 Ree7 25. g4 Rf7 26. Bc1 Nd4 27. Nxd4 exd4
28. a5 Bd8 29. Bd2 a6 30. R5b3 e5 31. Kg2 Kg6 32. Rc1 Rc7 33. Rb6 Rcd7 34. Rb3
Rc7 35. h3 Rc5 36. Bb4 Rc6 37. Rcb1 b6 38. axb6 Rxb6 39. Ba3 Rxb3 40. Rxb3 Rd7
41. Rb8 a5 42. Ra8 Kf7 43. Kg3 Ke7 44. Ra6 Bc7 45. h4 Rd8 46. hxg5 hxg5 47. Bc1
Rb8 48. Bxg5+ Kd7 49. f4 exf4+ 50. Bxf4 Rb3 51. g5 Rxd3+ 52. Kg4 Rd1 53. c5 d3
54. cxd6 Bd8 55. Ra7+ Ke6 56. Ra8 Rg1+ 57. Kh5 Bxg5 58. d7 Kxd7 59. Ra7+ Ke8 60.
Ra8+ Ke7 61. Ra7+ Ke8 62. Ra8+ Ke7 1/2-1/2

[Event "1st Binhai Cup 2018"]
[Site "Tianjin CHN"]
[Date "2018.12.26"]
[Round "2.14"]
[White "Ning, Kaiyu"]
[Black "Liu, Guanchu"]
[Result "0-1"]
[BlackTitle "IM"]
[WhiteElo "2247"]
[BlackElo "2432"]
[WhiteFideId "8614750"]
[BlackFideId "8603901"]
[EventDate "2018.12.25"]

1. d4 Nf6 2. Nf3 e6 3. c4 b6 4. a3 Bb7 5. Nc3 d5 6. cxd5 Nxd5 7. Qc2 c5 8. e4
Nxc3 9. bxc3 Nc6 10. Bb5 a6 11. Bxc6+ Bxc6 12. O-O Be7 13. Ne5 Rc8 14. Qd3 cxd4
15. Nxc6 Rxc6 16. cxd4 b5 17. Bb2 O-O 18. Rac1 Rxc1 19. Rxc1 Bf6 20. Qc3 h6 21.
g3 Qb6 22. Qc5 Qxc5 23. Rxc5 Ra8 24. Kf1 Kf8 25. Ke2 Ke8 26. f4 Kd7 27. Kd3 g6
28. g4 Be7 29. Rc1 Rc8 30. Rxc8 Kxc8 31. f5 gxf5 32. exf5 exf5 33. gxf5 Kd7 34.
Ke4 Kc6 35. h3 a5 36. d5+ Kd7 37. Bc1 h5 38. Kd4 a4 39. Kc3 Bc5 40. Kd3 Kd6 41.
Ke4 b4 42. Bf4+ Ke7 43. axb4 Bxb4 44. Be5 Bd6 45. Bd4 Ba3 46. Kd3 Kd6 47. Kc4
Bc1 48. f6 a3 49. Bc5+ Ke5 50. Bd4+ Kf5 51. Kb3 Bb2 52. Bxb2 axb2 53. Kxb2 Ke5
54. Kc3 Kxd5 55. Kd3 Ke5 56. Ke3 Kxf6 57. Kf4 Kg6 58. h4 Kf6 59. Ke4 Ke6 60. Kf4
f6 61. Ke4 f5+ 62. Kd4 Kd6 63. Kd3 Ke5 0-1

[Event "1st Binhai Cup 2018"]
[Site "Tianjin CHN"]
[Date "2018.12.26"]
[Round "2.15"]
[White "Li, Haoyu B."]
[Black "Li, Yunshan"]
[Result "0-1"]
[BlackTitle "WFM"]
[WhiteElo "2100"]
[BlackElo "2196"]
[WhiteFideId "8610169"]
[BlackFideId "8607664"]
[EventDate "2018.12.25"]

1. d4 Nf6 2. c4 g6 3. Nc3 d5 4. cxd5 Nxd5 5. Bd2 Bg7 6. e4 Nxc3 7. Bxc3 O-O 8.
Be2 c5 9. d5 e6 10. Nf3 exd5 11. exd5 Bg4 12. O-O Qd6 13. Qb3 Bxf3 14. Bxf3 b6
15. Bxg7 Kxg7 16. Qc3+ Kg8 17. Rfe1 Nd7 18. Re3 Nf6 19. Rae1 Rad8 20. Re5 Rfe8
21. g3 Rxe5 22. Rxe5 Qf8 23. Kg2 Rd6 24. b4 cxb4 25. Qxb4 Qd8 26. Qc4 Qd7 27. a4
a5 28. h3 Qd8 29. Qb5 Kf8 30. h4 h5 31. Qc4 Nd7 32. Re1 Nc5 33. Qf4 Qd7 34. Qh6+
Kg8 35. Re5 Nd3 36. Re3 Nb4 37. Re5 Nxd5 38. Qg5 Nf6 39. Rb5 Kg7 40. Qe3 Qe6 41.
Qc3 Qa2 42. Qc7 Qxa4 43. Bc6 Qd4 44. Rxb6 Nd5 45. Bxd5 Rxb6 46. Qxb6 Qxd5+ 47.
Kh2 a4 48. Qb4 Qb3 49. Qd4+ Kh7 50. g4 hxg4 51. Qxg4 a3 52. h5 a2 53. hxg6+ fxg6
54. Qh4+ Kg7 55. Qd4+ Kf7 56. Qf4+ Ke7 57. Qc7+ Ke6 58. Qc6+ Ke5 59. Qc5+ Ke4
60. Qe7+ Kf3 61. Qf6+ Ke2 62. Qe5+ Kxf2 0-1

[Event "1st Binhai Cup 2018"]
[Site "Tianjin CHN"]
[Date "2018.12.26"]
[Round "2.16"]
[White "Ganguly, Surya Shekhar"]
[Black "Stones, Rebecca"]
[Result "1-0"]
[WhiteTitle "GM"]
[WhiteElo "2621"]
[BlackElo "1792"]
[WhiteFideId "5002150"]
[BlackFideId "3208281"]
[EventDate "2018.12.25"]

1. Nf3 d5 2. g3 Nf6 3. Bg2 Bf5 4. O-O e6 5. d3 Be7 6. Nh4 Bg6 7. Nd2 O-O 8. e4
Nbd7 9. Qe1 dxe4 10. dxe4 c6 11. Nxg6 hxg6 12. e5 Ng4 13. h3 Nh6 14. g4 Qa5 15.
Nc4 Qxe1 16. Rxe1 Rab8 17. Be3 Bc5 18. Rad1 Bxe3 19. Rxd7 Bb6 20. c3 Rfd8 21.
Red1 Kf8 22. Nxb6 1-0

[Event "1st Binhai Cup 2018"]
[Site "Tianjin CHN"]
[Date "2018.12.26"]
[Round "2.17"]
[White "Chen, Fan"]
[Black "Batchuluun, Tsegmed"]
[Result "0-1"]
[WhiteTitle "FM"]
[BlackTitle "GM"]
[WhiteElo "2370"]
[BlackElo "2567"]
[WhiteFideId "8600767"]
[BlackFideId "4900847"]
[EventDate "2018.12.25"]

1. e4 e5 2. Nf3 Nc6 3. Bb5 Nf6 4. O-O Nxe4 5. d4 Nd6 6. Bxc6 dxc6 7. dxe5 Nf5 8.
Qxd8+ Kxd8 9. Nc3 Be7 10. Bf4 Nh4 11. Rad1+ Ke8 12. Nxh4 Bxh4 13. Rd2 Bf5 14. e6
Bxe6 15. Bxc7 Bd8 16. Be5 f6 17. Bg3 Kf7 18. Ne4 Be7 19. Nd6+ Bxd6 20. Rxd6 Rhd8
21. f3 Rxd6 22. Bxd6 Rd8 23. Bf4 a5 24. b3 a4 25. Kf2 g5 26. Be3 Ra8 27. Rc1
axb3 28. axb3 Ra2 29. Ke1 h5 30. Bd2 h4 31. Ke2 Bf5 32. Kd1 g4 33. fxg4 Bxg4+
34. Ke1 Bf5 35. Kd1 Kg6 36. Bf4 Be4 37. g3 h3 38. Kd2 Kf5 39. Kc3 Kg4 40. b4
Ra3+ 41. Kd4 f5 42. Rf1 Bxc2 43. Bc7 Rd3+ 44. Kc4 Rd2 45. Rf4+ Kg5 46. Rh4 Rxh2
47. Bf4+ Kg6 48. g4 Rf2 49. gxf5+ Bxf5 50. Kc5 Rxf4 51. Rxf4 Kg5 52. Rf2 Be4 0-1